Normal view
MARC view
- Alciatore, David G
Entry Personal Name
001 - CONTROL NUMBER
- control field: 83061
003 - CONTROL NUMBER IDENTIFIER
- control field: NUST
005 - DATE AND TIME OF LATEST TRANSACTION
- control field: 20211012123745.0
008 - FIXED-LENGTH DATA ELEMENTS
- fixed length control field: 211012|| aca||aabn | a|a d
040 ## - CATALOGING SOURCE
- Original cataloging agency: NUST
- Transcribing agency: NUST
100 ## - HEADING--PERSONAL NAME
- Personal name: Alciatore, David G
670 ## - SOURCE DATA FOUND
- Source citation: Work cat.: (NUST)31939: Alciatore, David G., Introduction to Mechatronics and Measurement Systems /, c2007.
